| 000 | 01006nam a2200265 i 4500 | ||
|---|---|---|---|
| 001 | 105344 | ||
| 003 | ES-MaACL | ||
| 005 | 20231005141218.0 | ||
| 007 | t| | ||
| 008 | 060623s1968 sp ||||1| spa d | ||
| 080 | _a76 Juárez, Claudio (083.824) | ||
| 100 | 1 |
_aJuárez, Claudio. _967157 |
|
| 245 | 1 | 0 |
_aClaudio Juárez _b: [exposición, Sala de Santa Catalina del Ateneo de Madrid, diciembre de 1968]. |
| 260 |
_a[Madrid] : _bPublicaciones Españolas, _c[1968] |
||
| 300 |
_a[16] p. : _bil. ; _c23 cm. |
||
| 490 | 1 |
_aCuadernos de arte. Serie divulgación ; _v117 |
|
| 600 | 1 | 4 |
_aJuárez, Claudio- _vExposiciones. _967158 |
| 610 | 2 | 7 |
_aAteneo de Madrid- _vExposiciones- _y1960-1969. _91920 |
| 655 | 7 |
_2tgfbne _9193628 _aCatálogos de exposiciones |
|
| 710 | 2 |
_aAteneo de Madrid. _bSala de Santa Catalina. _91964 |
|
| 830 | 0 |
_aCuadernos de arte. Serie divulgación ; _v117 _9184876 |
|
| 852 |
_aES-MaACL _j2205-F-35 _9109287 _bR.137778 _cDEPOF |
||
| 942 |
_2udc _cFOLLETOS |
||
| 999 |
_c105344 _d105344 |
||